[Event "BRA-ch Amateur U1800"]
[Site "Sao Paulo"]
[Date "2018.06.03"]
[Round "7"]
[White "Santos, Jose Antonio Dos"]
[Black "Sales, Marcelo Tadeu de Sa"]
[Result "1-0"]
[WhiteElo "1720"]
[BlackElo "1655"]
[PlyCount "49"]
[EventDate "2018.05.31"]
[EventType "swiss"]
[EventRounds "7"]
[EventCountry "BRA"]
[SourceTitle "EXT 2021"]
[Source "ChessBase"]
[SourceDate "2020.10.23"]
[SourceVersion "1"]
[SourceVersionDate "2020.10.23"]
[SourceQuality "1"]

1. d4 d5 2. Nf3 Nf6 3. Nbd2 e6 4. e3 c5 5. b3 Be7 6. Bb2 Nbd7 7. Bd3 0-0 8. 0-0 b6 9. Qe2 Bb7 10. Ne5 Rc8 11. Rac1 Re8 12. f4 g6 13. g4 Ne4 14. Nxe4 dxe4 15. Bb5 Nxe5 16. dxe5 Rf8 17. Rcd1 Qc7 18. Rd7 Qb8 19. Rxe7 Bd5 20. Ba6 Rcd8 21. Bc3 Bc6 22. Qf2 Rd5 23. Bc4 Rdd8 24. Qh4 Bd7 25. f5 1-0

[Event "BRA-ch Amateur U1800"]
[Site "Sao Paulo"]
[Date "2018.06.01"]
[Round "4"]
[White "Sales, Marcelo Tadeu de Sa"]
[Black "De Jesus Junior, Tobias Garcez"]
[Result "1/2-1/2"]
[WhiteElo "1655"]
[BlackElo "1720"]
[PlyCount "83"]
[EventDate "2018.05.31"]
[EventType "swiss"]
[EventRounds "7"]
[EventCountry "BRA"]
[SourceTitle "EXT 2021"]
[Source "ChessBase"]
[SourceDate "2020.10.23"]
[SourceVersion "1"]
[SourceVersionDate "2020.10.23"]
[SourceQuality "1"]

1. d4 d5 2. c4 e5 3. dxe5 d4 4. Nf3 Nc6 5. a3 Nge7 6. b4 Ng6 7. Bb2 Ngxe5 8. Nxe5 Nxe5 9. Bxd4 Nxc4 10. e3 Be6 11. Nd2 Nd6 12. Be2 Be7 13. Bf3 0-0 14. 0-0 Bf6 15. Bxf6 Qxf6 16. Rc1 c6 17. Qc2 Rfd8 18. Ne4 Nxe4 19. Bxe4 g6 20. Rfd1 Qe5 21. h3 a5 22. Bf3 axb4 23. axb4 Rxd1+ 24. Rxd1 Ra2 25. Qc5 Qxc5 26. bxc5 Rc2 27. Rd8+ Kg7 28. Rb8 Rxc5 29. Rxb7 Bd5 30. Bxd5 Rxd5 31. Rc7 Rd1+ 32. Kh2 Rc1 33. Kg3 Kf6 34. Kf3 c5 35. g3 c4 36. Ke4 c3 37. Kd3 Rd1+ 38. Ke4 Rc1 39. Kd3 Rf1 40. f4 Rf3 41. g4 Rxh3 42. Rxc3 1/2-1/2

[Event "BRA-ch Amateur U1800"]
[Site "Sao Paulo"]
[Date "2018.05.31"]
[Round "6"]
[White "Sales, Marcelo Tadeu de Sa"]
[Black "De Moura, Valderi Nascimento"]
[Result "1-0"]
[WhiteElo "1655"]
[BlackElo "1762"]
[PlyCount "37"]
[EventDate "2018.05.31"]
[EventType "swiss"]
[EventRounds "7"]
[EventCountry "BRA"]
[SourceTitle "EXT 2021"]
[Source "ChessBase"]
[SourceDate "2020.10.23"]
[SourceVersion "1"]
[SourceVersionDate "2020.10.23"]
[SourceQuality "1"]

1. d4 d5 2. c4 dxc4 3. Nc3 a6 4. e3 b5 5. a4 b4 6. Nb1 Bb7 7. Nf3 Qd5 8. Qc2 Qh5 9. Be2 e6 10. Nbd2 Bd6 11. Nxc4 Qg4 12. Nxd6+ cxd6 13. Qc7 Qe4 14. Qxd6 Ne7 15. Qxb4 Bd5 16. h3 Nbc6 17. Qc3 0-0 18. Bd3 Qxf3 19. gxf3 1-0

[Event "Sao Paulo Salles Cup 11th"]
[Site "Sao Paulo"]
[Date "2017.03.26"]
[Round "5"]
[White "Sales, Marcelo Tadeu de Sa"]
[Black "Damaceno, Mateus Lima"]
[Result "0-1"]
[WhiteElo "1645"]
[BlackElo "1943"]
[PlyCount "116"]
[EventDate "2017.03.24"]
[EventType "swiss (blitz)"]
[EventRounds "6"]
[EventCountry "BRA"]
[SourceTitle "CBM 177 Extra"]
[Source "ChessBase"]
[SourceDate "2017.04.27"]
[SourceVersion "1"]
[SourceVersionDate "2017.04.27"]
[SourceQuality "1"]

1. e4 c6 2. d4 d5 3. Nc3 dxe4 4. Nxe4 Bf5 5. Ng3 Bg6 6. Nf3 Nd7 7. Bd3 Bxd3 8. Qxd3 e6 9. 0-0 Qc7 10. c4 Ngf6 11. Bd2 Be7 12. Bc3 Rd8 13. Rad1 0-0 14. Rfe1 Rfe8 15. Qc2 b5 16. b3 a5 17. Rd2 a4 18. Rde2 axb3 19. axb3 bxc4 20. bxc4 Nb6 21. Ba5 Ra8 22. Ra1 Bb4 23. c5 Rxa5 24. Rxa5 Bxa5 25. cxb6 Bxb6 26. Qc4 Rd8 27. Rc2 h6 28. Qxc6 Qxc6 29. Rxc6 Bxd4 30. Nxd4 Rxd4 31. f3 Rd2 32. Rc8+ Kh7 33. Rc7 Kg6 34. Ra7 h5 35. Kf1 Nd5 36. Ne2 Rb2 37. Ra3 h4 38. g3 f6 39. f4 e5 40. fxe5 fxe5 41. Rd3 Nf6 42. gxh4 Nh5 43. Re3 Nf4 44. Nxf4+ exf4 45. Rf3 Kf5 46. Kg1 Kg4 47. Ra3 Kxh4 48. Ra7 g5 49. Ra3 Kg4 50. h3+ Kh4 51. Rf3 Re2 52. Kf1 Re3 53. Rf2 Kxh3 54. Ra2 g4 55. Ra8 Kg3 56. Rf8 Kf3 57. Rh8 g3 58. Rg8 g2+ 0-1

[Event "Sao Paulo Salles Cup 11th"]
[Site "Sao Paulo"]
[Date "2017.03.25"]
[Round "4"]
[White "Da Rosa, Henrique Jaze Simoe"]
[Black "Sales, Marcelo Tadeu de Sa"]
[Result "0-1"]
[WhiteElo "1306"]
[BlackElo "1645"]
[PlyCount "114"]
[EventDate "2017.03.24"]
[EventType "swiss (blitz)"]
[EventRounds "6"]
[EventCountry "BRA"]
[SourceTitle "CBM 177 Extra"]
[Source "ChessBase"]
[SourceDate "2017.04.27"]
[SourceVersion "1"]
[SourceVersionDate "2017.04.27"]
[SourceQuality "1"]

1. Nf3 Nf6 2. b3 g6 3. Bb2 Bg7 4. e3 d5 5. d4 0-0 6. Be2 c5 7. 0-0 Nc6 8. c4 Be6 9. Nc3 Rc8 10. cxd5 Nxd5 11. Nxd5 Bxd5 12. Qd2 b6 13. Rad1 cxd4 14. Nxd4 Nxd4 15. Bxd4 Bxd4 16. Qxd4 Be6 17. Qxd8 Rfxd8 18. Rxd8+ Rxd8 19. Rd1 Rc8 20. Rd2 Rc1+ 21. Rd1 Rc2 22. Bc4 Bxc4 23. bxc4 Rxc4 24. g3 Rc2 25. Rd7 Rxa2 26. Rxe7 a5 27. Rb7 Rb2 28. Ra7 Rb4 29. Rb7 a4 30. e4 a3 31. Ra7 Rb3 32. Kf1 b5 33. Ke2 b4 34. Kd1 Rb2 35. Rb7 a2 36. Ra7 Rb1+ 37. Kc2 a1Q 38. Rxa1 Rxa1 39. Kb3 Re1 40. Kxb4 Rxe4+ 41. Kc3 Re2 42. Kd3 Rxf2 43. Ke3 Rxh2 44. Kf3 Kg7 45. g4 Kf6 46. Kf4 g5+ 47. Kg3 Rh4 48. Kf3 Ke5 49. Kg3 Ke4 50. Kf2 Rxg4 51. Kf1 Kf3 52. Ke1 Rg2 53. Kf1 h5 54. Ke1 h4 55. Kf1 h3 56. Ke1 h2 57. Kf1 h1R# 0-1

[Event "Paulista-ch"]
[Site "Sao Paulo"]
[Date "2016.11.??"]
[Round "3"]
[White "Aoyama, Edmundo"]
[Black "Sales, Marcelo Tadeu de Sa"]
[Result "1-0"]
[WhiteElo "1802"]
[BlackElo "1679"]
[PlyCount "115"]
[EventDate "2016.11.09"]
[EventType "swiss"]
[EventRounds "6"]
[EventCountry "BRA"]
[SourceTitle "EXT 2022"]
[Source "ChessBase"]
[SourceDate "2021.10.06"]
[SourceVersion "1"]
[SourceVersionDate "2021.10.06"]
[SourceQuality "1"]

1. Nf3 Nf6 2. g3 g6 3. Bg2 Bg7 4. d4 d6 5. 0-0 0-0 6. c4 c5 7. Nc3 cxd4 8. Nxd4 Qc7 9. Qd3 a6 10. Bg5 e6 11. b3 Nc6 12. Nxc6 bxc6 13. Rac1 h6 14. Bd2 Bb7 15. Ne4 Nxe4 16. Qxe4 Qd7 17. Rfd1 d5 18. Qh4 Kh7 19. Ba5 Rac8 20. Bc3 Rfd8 21. Bxg7 Kxg7 22. Qd4+ Kg8 23. Qf6 Re8 24. e4 Rcd8 25. cxd5 cxd5 26. Qf4 e5 27. Qxh6 d4 28. Rc4 a5 29. f3 d3 30. Bh3 Qd6 31. Qe3 Kg7 32. Rc3 Ba6 33. Qc5 d2 34. Qxd6 Rxd6 35. Bf1 Bxf1 36. Kxf1 g5 37. Rc2 Red8 38. Ke2 Rh6 39. Ke3 Rxh2 40. Rcxd2 Rdxd2 41. Rxd2 Rh3 42. g4 f6 43. Rd5 a4 44. b4 Rh2 45. Rd2 Rh1 46. Rb2 Ra1 47. Kd3 Rf1 48. b5 Rxf3+ 49. Kc4 Re3 50. Kd5 a3 51. Rc2 Re1 52. Rc3 Rb1 53. Kc6 Rb4 54. b6 Rb2 55. Rxa3 Rc2+ 56. Kd6 Rd2+ 57. Ke7 Rc2 58. Rb3 1-0

[Event "Sao Paulo Salles Cup 7th"]
[Site "Sao Paulo"]
[Date "2016.03.19"]
[Round "3"]
[White "Ferreira, Caio Tulio Moreira"]
[Black "Sales, Marcelo Tadeu de Sa"]
[Result "0-1"]
[WhiteElo "1422"]
[BlackElo "1627"]
[PlyCount "114"]
[EventDate "2016.03.18"]
[EventType "swiss"]
[EventRounds "6"]
[EventCountry "BRA"]
[SourceTitle "CBM 171 Extra"]
[Source "ChessBase"]
[SourceDate "2016.04.26"]
[SourceVersion "1"]
[SourceVersionDate "2016.04.26"]
[SourceQuality "1"]

1. e4 e5 2. Nf3 Nc6 3. d4 exd4 4. Nxd4 Nf6 5. Nxc6 bxc6 6. Nc3 Bb4 7. Bd2 d6 8. a3 Ba5 9. Bc4 0-0 10. 0-0 Bxc3 11. Bxc3 Nxe4 12. Qf3 d5 13. Rad1 Qg5 14. Be2 a5 15. Qd3 Re8 16. Rfe1 h5 17. Bf3 Qg6 18. Bxe4 Rxe4 19. Rxe4 Bf5 20. f3 h4 21. Rg4 Bxd3 22. Rxg6 Bxg6 23. Rd4 Bxc2 24. Rxh4 f6 25. Rd4 Bb3 26. Rd2 c5 27. Re2 Kf7 28. g4 d4 29. Bd2 a4 30. f4 Rb8 31. Bc1 Rb6 32. Kf2 Rc6 33. h4 c4 34. Ke1 c3 35. bxc3 dxc3 36. Kf2 Rd6 37. Re3 c2 38. Rc3 c6 39. Ke3 Rd1 40. Bd2 Ra1 41. Rxc6 Rxa3 42. Rc7+ Kg8 43. g5 fxg5 44. hxg5 g6 45. Rc8+ Kf7 46. Kd4 Ra1 47. Rc7+ Ke8 48. f5 gxf5 49. g6 Rg1 50. g7 a3 51. Ke5 a2 52. Kd6 Rg6+ 53. Kc5 a1Q 54. Rb7 c1Q+ 55. Bxc1 Qxc1+ 56. Kb5 Qc4+ 57. Ka5 Ra6# 0-1

[Event "Sao Paulo Salles Cup 7th"]
[Site "Sao Paulo"]
[Date "2016.03.18"]
[Round "2"]
[White "Sales, Marcelo Tadeu de Sa"]
[Black "Brito, Alan Mesquita"]
[Result "1-0"]
[WhiteElo "1627"]
[BlackElo "1690"]
[PlyCount "47"]
[EventDate "2016.03.18"]
[EventType "swiss"]
[EventRounds "6"]
[EventCountry "BRA"]
[SourceTitle "CBM 171 Extra"]
[Source "ChessBase"]
[SourceDate "2016.04.26"]
[SourceVersion "1"]
[SourceVersionDate "2016.04.26"]
[SourceQuality "1"]

1. Nf3 Nf6 2. g3 d6 3. d4 g6 4. c4 Bg7 5. Bg2 0-0 6. Nc3 Nc6 7. 0-0 e6 8. e4 Qe7 9. Re1 Re8 10. Bg5 Qf8 11. Rc1 Nb4 12. e5 Nd7 13. exd6 Qxd6 14. a3 Nc6 15. Nb5 Qf8 16. Nxc7 Bh6 17. Bxh6 Qxh6 18. Nxe8 Nb6 19. Nd6 Bd7 20. Ne5 f6 21. Nxd7 Nxd7 22. Nxb7 Rb8 23. Bxc6 Nb6 24. Rxe6 1-0